Variety in your preaching. (Record no. 11554)

000 -LEADER
fixed length control field 00554nam a2200181 a 4500
001 - CONTROL NUMBER
control field :::00009353$&:&@@
003 - CONTROL NUMBER IDENTIFIER
control field OkBaRHE
005 - DATE AND TIME OF LATEST TRANSACTION
control field 20000607103350.0
008 - FIXED-LENGTH DATA ELEMENTS--GENERAL INFORMATION
fixed length control field s1954 j 000 0 eng u
040 ## - CATALOGING SOURCE
Transcribing agency
100 1# - MAIN ENTRY--PERSONAL NAME
Personal name Whitesell, Faris Daniel.
245 10 - TITLE STATEMENT
Title Variety in your preaching.
260 ## - PUBLICATION, DISTRIBUTION, ETC. (IMPRINT)
Place of publication, distribution, etc Westwood, NJ., :
Name of publisher, distributor, etc Fleming H. Revell
Date of publication, distribution, etc 1954
300 ## - PHYSICAL DESCRIPTION
Extent 219 p. ;
Dimensions 21 cm.
650 ## - SUBJECT ADDED ENTRY--TOPICAL TERM
Topical term or geographic name as entry element Preaching
General subdivision Sermon Preparation
942 ## - ADDED ENTRY ELEMENTS (KOHA)
Source of classification or shelving scheme
Koha item type Books
Copies
Shelving location Barcode Source of classification or shelving scheme Not for loan Date acquired Full call number Damaged status Lost status Date last seen Copy number Permanent Location Koha item type Withdrawn status Price effective from
General Stacks9353  2010-04-14BV 4211 .W45  2010-04-141RHEMA Bible Training CollegeBooks 2010-04-14